| 000 | 01327cam a2200349 i 4500 | ||
|---|---|---|---|
| 999 |
_c1704 _d1704 |
||
| 001 | (Sirsi) a1067325 | ||
| 003 | OSt | ||
| 005 | 20230125082116.0 | ||
| 008 | 190304t20182018nyua b 000 1 eng d | ||
| 020 |
_a9780062868503 _q(paperback) : |
||
| 040 |
_aCHA _beng _cTAE _erda _dKH8 |
||
| 042 | _anbic | ||
| 082 | 0 | _a813.6 DEA | |
| 100 | 1 |
_aDean, James, _d1957- _eauthor |
|
| 245 | 1 | 0 |
_aPete the cat Super Pete / _cby James Dean. |
| 250 | _aFirst edition. | ||
| 264 | 1 |
_aNew York : _bHarper, an imprint of HarperCollins Publishers, _c[2018] |
|
| 264 | 4 | _c©2018. | |
| 300 |
_a32 pages : _bcolor illustrations ; _c23 cm. |
||
| 336 |
_atext _btxt _2rdacontent. |
||
| 336 |
_astill image _bsti _2rdacontent. |
||
| 337 |
_aunmediated _bn _2rdamedia. |
||
| 338 |
_avolume _bnc _2rdacarrier. |
||
| 490 | 0 | _aI can read book. 1, beginning reading. | |
| 490 | 0 | _aPete the cat. | |
| 520 | _aWhen Pete the cat meets a super cool caterpillar, he thinks he has found a new best friend. But when one day his caterpillar goes missing, Pete has to find out what happened to his new friend. Pete is in for one wild surprise at the end! | ||
| 521 | 1 | _aAges 4-8. | |
| 600 | 0 | 0 |
_aPete, _cthe Cat (Fictitious character) _vJuvenile fiction. |
| 650 | 0 |
_aCats _vJuvenile fiction. |
|
| 650 | 0 |
_aFriendship _vJuvenile fiction. |
|
| 942 |
_2ddc _cNFIC |
||